000 01027nam a22003377a 4500
003 CHAP
005 20220329133312.0
008 971013s1987 r 00010 d
010 _a4595
011 _a5567
035 _a4781
040 _cCHAP
090 _aFolleto 13454
100 0 0 _aSuzuki, Yuriko.
_9110824
245 _aEffects of panterritorial pricing policy for maize in Tanzania
260 _aWashington, D. C. :
_bInternational Food Policy,
_c1987
300 _a45 p.
500 _a53-445
590 _aBATCH-UPD
_b10
_c20130110
_lUCH01
_h0259
590 _aBATCH-UPD
_b10
_c20130110
_lUCH01
_h1721
590 _aBATCH-UPD
_b10
_c20130409
_lUCH01
_h2330
590 _aBATCH-UPD
_b10
_c20130914
_lUCH01
_h1748
590 _aCONVERSION
_b10
_c20130109
_lUCH01
_h1304
650 1 4 _aMaíz
_xMercadeo.
_971007
650 1 4 _aMaíz
_xPrecios.
_971039
650 1 4 _aMaíz
_xTanzania.
_971068
700 0 _aBernard, Andrew.
_911919
901 _aBK
942 _cFOLL
949 _aFolleto 13454
_bBC
_cFOLL
_d-14328
_eTS1
_i4781
_si
999 _c4595
_d4595